[Event "European Team-ch 2007"]
[Site "Crete GRE"]
[Date "2007.11.01"]
[Round "5.1"]
[White "Alekseev, Evgeny"]
[Black "Guseinov, Gadir"]
[Result "1-0"]
[WhiteElo "2716"]
[BlackElo "2614"]
[PlyCount "113"]
[EventDate "2007.10.28"]
[EventType "team"]
[EventRounds "9"]
[EventCountry "GRE"]
[Source "lmi"]
[SourceDate "2007.10.28"]
[WhiteTeam "Russia"]
[BlackTeam "Azerbaijan"]
[WhiteTeamCountry "RUS"]
[BlackTeamCountry "AZE"]

1. d4 Nf6 2. c4 g6 3. Nc3 Bg7 4. e4 d6 5. Nf3 O-O 6. Be2 Bg4 7. Be3 Nfd7 8. d5
c5 9. O-O Na6 10. h3 Bxf3 11. Bxf3 Nc7 12. Qd2 Re8 13. Rfd1 a6 14. Be2 b5 15.
cxb5 axb5 16. Nxb5 Nb6 17. Qc2 Na6 18. a3 Qd7 19. Rac1 Reb8 20. b3 Nc8 21. a4
Nb4 22. Qb1 Na7 23. Nxa7 Rxa7 24. Bc4 f5 25. exf5 Qxf5 26. Qxf5 gxf5 27. g4 Rf8
28. f4 fxg4 29. hxg4 Bb2 30. Rb1 Nc2 31. Bxc5 dxc5 32. d6+ Kh8 33. Rxb2 Ne3 34.
dxe7 Rxe7 35. Re2 Rxf4 36. Rd8+ Kg7 37. Rg8+ Kf6 38. g5+ Kf5 39. Bd3+ Kg4 40.
g6 h6 41. Rf2 Rd4 42. Be2+ Kg5 43. Rf7 Nf5 44. Rxe7 Nxe7 45. Re8 Nxg6 46. a5
Nf4 47. Bf1 Rd2 48. a6 Ra2 49. Re4 Kf5 50. Ra4 Rxa4 51. bxa4 Nd5 52. a7 Nc7 53.
Kf2 Ke4 54. Bg2+ Kd3 55. a8=Q Nxa8 56. Bxa8 c4 57. Bd5 1-0

[Event "European Team-ch 2007"]
[Site "Crete GRE"]
[Date "2007.11.01"]
[Round "5.2"]
[White "Ivanchuk, Vassily"]
[Black "Bacrot, Etienne"]
[Result "0-1"]
[WhiteElo "2787"]
[BlackElo "2695"]
[PlyCount "54"]
[EventDate "2007.10.28"]
[EventType "team"]
[EventRounds "9"]
[EventCountry "GRE"]
[Source "lmi"]
[SourceDate "2007.10.28"]
[WhiteTeam "Ukraine"]
[BlackTeam "France"]
[WhiteTeamCountry "UKR"]
[BlackTeamCountry "FRA"]

1. d4 d5 2. c4 c6 3. Nf3 Nf6 4. Nc3 a6 5. c5 Nbd7 6. Bf4 Nh5 7. Bd2 Nhf6 8. Qc2
g6 9. g3 e5 10. dxe5 Ng4 11. e6 Nxc5 12. exf7+ Kxf7 13. e4 Bg7 14. Bg2 Bxc3 15.
Bxc3 dxe4 16. Bxh8 Nd3+ 17. Kf1 exf3 18. Bxf3 Ngxf2 19. Qb3+ Ke7 20. Bg7 Bh3+
21. Bg2 Qd7 22. Bxh3 Qxh3+ 23. Kg1 Qf5 24. Qxb7+ Kd6 25. Qb6 Qf3 26. Qd4+ Kc7
27. Be5+ Kc8 0-1

[Event "European Team-ch 2007"]
[Site "Crete GRE"]
[Date "2007.11.01"]
[Round "5.2"]
[White "Tkachiev, Vladislav"]
[Black "Karjakin, Sergey"]
[Result "0-1"]
[WhiteElo "2661"]
[BlackElo "2694"]
[PlyCount "78"]
[EventDate "2007.10.28"]
[EventType "team"]
[EventRounds "9"]
[EventCountry "GRE"]
[Source "lmi"]
[SourceDate "2007.10.28"]
[WhiteTeam "France"]
[BlackTeam "Ukraine"]
[WhiteTeamCountry "FRA"]
[BlackTeamCountry "UKR"]

1. d4 d5 2. c4 c6 3. Nf3 Nf6 4. e3 a6 5. Bd2 e6 6. Qc2 Nbd7 7. Nc3 c5 8. cxd5
exd5 9. Be2 Be7 10. O-O O-O 11. Rfd1 b5 12. Ne5 cxd4 13. Nc6 Qe8 14. exd4 Bd6
15. a3 Nb6 16. Nb4 Bb7 17. Nd3 Ne4 18. Bf4 Bxf4 19. Nxf4 Rc8 20. Bf3 Na4 21.
Nfe2 Qd7 22. Rab1 Ng5 23. Qd3 Nb6 24. h4 Nxf3+ 25. Qxf3 Nc4 26. Nc1 Qe7 27. Qg3
Nd2 28. Ra1 Ne4 29. Nxe4 dxe4 30. Nb3 Bd5 31. Nc5 Rc6 32. Qe5 Qd8 33. Nb7 Qxh4
34. Qxd5 Rh6 35. Kf1 Rf6 36. f3 exf3 37. gxf3 Qh2 38. Qe4 Rg6 39. Qe3 Rg2 0-1

[Event "European Team-ch 2007"]
[Site "Crete GRE"]
[Date "2007.11.01"]
[Round "5.2"]
[White "Volokitin, Andrei"]
[Black "Fressinet, Laurent"]
[Result "1/2-1/2"]
[WhiteElo "2678"]
[BlackElo "2654"]
[PlyCount "79"]
[EventDate "2007.10.28"]
[EventType "team"]
[EventRounds "9"]
[EventCountry "GRE"]
[Source "lmi"]
[SourceDate "2007.10.28"]
[WhiteTeam "Ukraine"]
[BlackTeam "France"]
[WhiteTeamCountry "UKR"]
[BlackTeamCountry "FRA"]

1. e4 e5 2. Nf3 Nc6 3. Bb5 a6 4. Ba4 Nf6 5. O-O Be7 6. Re1 b5 7. Bb3 O-O 8. c3
d5 9. exd5 Nxd5 10. Nxe5 Nxe5 11. Rxe5 c6 12. d4 Bd6 13. Re1 Qh4 14. g3 Qh3 15.
Qe2 Bd7 16. Qf1 Qh5 17. Nd2 Rae8 18. Ne4 Bh3 19. Bd1 Qf5 20. Qd3 Qg6 21. Bd2
Bf5 22. Bf3 Bf4 23. Bxf4 Nxf4 24. Qd2 Nh3+ 25. Kg2 Rxe4 26. Bxe4 Bxe4+ 27. Rxe4
Qxe4+ 28. Kxh3 Re8 29. Qf4 Qe2 30. Kg2 h6 31. b4 Qc2 32. Qc1 Re2 33. Qxc2 Rxc2
34. a4 Rxc3 35. axb5 axb5 36. Ra8+ Kh7 37. d5 cxd5 38. Rb8 Rb3 39. Rxb5 Kg6 40.
Rxd5 1/2-1/2

[Event "European Team-ch 2007"]
[Site "Crete GRE"]
[Date "2007.11.01"]
[Round "5.3"]
[White "Cheparinov, Ivan"]
[Black "Navara, David"]
[Result "0-1"]
[WhiteElo "2670"]
[BlackElo "2656"]
[PlyCount "72"]
[EventDate "2007.10.28"]
[EventType "team"]
[EventRounds "9"]
[EventCountry "GRE"]
[Source "lmi"]
[SourceDate "2007.10.28"]
[WhiteTeam "Bulgaria"]
[BlackTeam "Czech Republic"]
[WhiteTeamCountry "BUL"]
[BlackTeamCountry "CZE"]

1. e4 e5 2. Nf3 Nc6 3. Bb5 a6 4. Ba4 Nf6 5. O-O Be7 6. Re1 b5 7. Bb3 O-O 8. h3
Bb7 9. d3 d6 10. a3 Qd7 11. Nc3 Rfe8 12. a4 b4 13. Ne2 d5 14. exd5 Nxd5 15. Ng3
Bf8 16. Bd2 a5 17. Ba2 Nd4 18. Nxe5 Qd6 19. Nf3 Rxe1+ 20. Bxe1 Nf4 21. Nxd4
Qxd4 22. Qg4 Re8 23. Nf5 h5 24. Nh6+ Kh7 25. Qf5+ Kxh6 26. Bd2 Bd6 27. Bxf7
Qxf2+ 28. Kxf2 Re2+ 29. Kg1 Rxg2+ 30. Kf1 Rxd2 31. Bg8 Bg2+ 32. Ke1 Re2+ 33.
Kd1 Bf3 34. Qh7+ Kg5 35. Ra2 Rh2+ 36. Ke1 Nxd3+ 0-1

[Event "European Team-ch 2007"]
[Site "Crete GRE"]
[Date "2007.11.01"]
[Round "5.3"]
[White "Laznicka, Viktor"]
[Black "Georgiev, Kiril"]
[Result "1/2-1/2"]
[WhiteElo "2610"]
[BlackElo "2649"]
[PlyCount "116"]
[EventDate "2007.10.28"]
[EventType "team"]
[EventRounds "9"]
[EventCountry "GRE"]
[Source "lmi"]
[SourceDate "2007.10.28"]
[WhiteTeam "Czech Republic"]
[BlackTeam "Bulgaria"]
[WhiteTeamCountry "CZE"]
[BlackTeamCountry "BUL"]

1. e4 e5 2. Nf3 Nc6 3. d4 exd4 4. Nxd4 Bc5 5. Be3 Qf6 6. c3 Nge7 7. Bc4 Ne5 8.
Be2 Qg6 9. O-O d6 10. Kh1 Qxe4 11. Nd2 Qg6 12. Nb5 O-O 13. Nxc7 Rb8 14. Bh5 Qf5
15. f4 N5c6 16. Nc4 Be6 17. Nxe6 Qxe6 18. Qe2 g6 19. Bxc5 Qxe2 20. Bxe2 dxc5
21. Rad1 Rbd8 22. Kg1 Kg7 23. Kf2 b6 24. Bf3 Rxd1 25. Rxd1 Rd8 26. Rxd8 Nxd8
27. Nd6 Kf6 28. g4 Ke6 29. Nb5 Ndc6 30. Nc7+ Kd7 31. Nd5 h6 32. h4 Nd8 33. g5
hxg5 34. Nf6+ Kd6 35. Ne4+ Kd7 36. hxg5 Ne6 37. Bg4 Nd5 38. f5 gxf5 39. Bxf5
Ke7 40. Kf3 Ndc7 41. Bh3 Nd5 42. Bf1 Ndf4 43. Bc4 Ng6 44. Ke3 Ne5 45. Be2 Nd7
46. Bc4 Ndf8 47. Kf3 Ng6 48. Bf1 Ne5+ 49. Kg3 c4 50. Kf2 Ng4+ 51. Kg3 Ne3 52.
Be2 b5 53. Kf3 Nd5 54. Bf1 a6 55. Be2 Nb6 56. b3 cxb3 57. axb3 Nd5 58. Bf1 f5
1/2-1/2

[Event "European Team-ch 2007"]
[Site "Crete GRE"]
[Date "2007.11.01"]
[Round "5.3"]
[White "Delchev, Aleksander"]
[Black "Babula, Vlastimil"]
[Result "1-0"]
[WhiteElo "2613"]
[BlackElo "2596"]
[PlyCount "61"]
[EventDate "2007.10.28"]
[EventType "team"]
[EventRounds "9"]
[EventCountry "GRE"]
[Source "lmi"]
[SourceDate "2007.10.28"]
[WhiteTeam "Bulgaria"]
[BlackTeam "Czech Republic"]
[WhiteTeamCountry "BUL"]
[BlackTeamCountry "CZE"]

1. d4 Nf6 2. c4 e6 3. Nf3 Bb4+ 4. Nbd2 d5 5. a3 Be7 6. Qc2 O-O 7. e4 b6 8. Bd3
h6 9. O-O Bb7 10. cxd5 exd5 11. e5 Nfd7 12. Bf5 c5 13. Nb3 c4 14. Nbd2 Re8 15.
Re1 Nf8 16. Nf1 Nc6 17. Ng3 Bc8 18. Be3 Bd7 19. Qd2 Bxf5 20. Nxf5 Qd7 21. g4 h5
22. h3 Ng6 23. Qc2 hxg4 24. hxg4 Bf8 25. Kg2 f6 26. Rh1 Qf7 27. Rh5 fxe5 28.
Rah1 exd4 29. Ng5 d3 30. Qd1 Qf6 31. Qf3 1-0

[Event "European Team-ch 2007"]
[Site "Crete GRE"]
[Date "2007.11.01"]
[Round "5.3"]
[White "Polak, Tomas"]
[Black "Chatalbashev, Boris"]
[Result "1/2-1/2"]
[WhiteElo "2540"]
[BlackElo "2581"]
[PlyCount "52"]
[EventDate "2007.10.28"]
[EventType "team"]
[EventRounds "9"]
[EventCountry "GRE"]
[Source "lmi"]
[SourceDate "2007.10.28"]
[WhiteTeam "Czech Republic"]
[BlackTeam "Bulgaria"]
[WhiteTeamCountry "CZE"]
[BlackTeamCountry "BUL"]

1. d4 c5 2. d5 Nf6 3. c4 g6 4. Nc3 d6 5. e4 Bg7 6. Bd3 O-O 7. h3 e6 8. Nf3 exd5
9. cxd5 b5 10. Bxb5 Nxe4 11. Nxe4 Qa5+ 12. Nfd2 Qxb5 13. Nxd6 Qa6 14. N2c4 Nd7
15. O-O Ne5 16. Nxc8 Raxc8 17. Nxe5 Bxe5 18. Re1 Qf6 19. Rb1 Rfd8 20. Qg4 h5
21. Qc4 Qf5 22. Qe4 Qxe4 23. Rxe4 Rxd5 24. Be3 c4 25. f4 Bg7 26. Rc1 Bxb2
1/2-1/2

[Event "European Team-ch 2007"]
[Site "Crete GRE"]
[Date "2007.11.01"]
[Round "5.4"]
[White "Sokolov, Ivan"]
[Black "Avrukh, Boris"]
[Result "1-0"]
[WhiteElo "2673"]
[BlackElo "2641"]
[PlyCount "80"]
[EventDate "2007.10.28"]
[EventType "team"]
[EventRounds "9"]
[EventCountry "GRE"]
[Source "lmi"]
[SourceDate "2007.10.28"]
[WhiteTeam "Netherlands"]
[BlackTeam "Israel"]
[WhiteTeamCountry "NED"]
[BlackTeamCountry "ISR"]

1. d4 Nf6 2. c4 g6 3. Nc3 Bg7 4. e4 d6 5. Bd3 O-O 6. Nge2 c5 7. d5 e6 8. h3
exd5 9. exd5 Nfd7 10. f4 f5 11. O-O Na6 12. Be3 Nc7 13. Kh1 Nf6 14. Bf2 Bd7 15.
Bh4 Qe8 16. Qb3 Rb8 17. a4 Na6 18. Rae1 Nb4 19. Bb1 Qf7 20. Ng1 Rfe8 21. Nf3
Nh5 22. Nb5 Bxb5 23. axb5 Rxe1 24. Bxe1 Qe7 25. Bh4 Bf6 26. Re1 Qf8 27. Bxf6
Qxf6 28. Qc3 Rf8 29. Qd2 Ng7 30. Re3 h6 31. Qc3 a6 32. b6 Qf7 33. Nh4 Re8 34.
Rg3 g5 35. fxg5 h5 36. Kh2 Re5 37. Rf3 a5 38. Qd2 a4 39. g6 Qf6 40. Qh6 Na6 1-0

[Event "European Team-ch 2007"]
[Site "Crete GRE"]
[Date "2007.11.01"]
[Round "5.5"]
[White "Berg, Emanuel"]
[Black "Pavasovic, Dusko"]
[Result "1/2-1/2"]
[WhiteElo "2593"]
[BlackElo "2597"]
[PlyCount "147"]
[EventDate "2007.10.28"]
[EventType "team"]
[EventRounds "9"]
[EventCountry "GRE"]
[Source "lmi"]
[SourceDate "2007.10.28"]
[WhiteTeam "Sweden"]
[BlackTeam "Slovenija"]
[WhiteTeamCountry "SWE"]
[BlackTeamCountry "SLO"]

1. e4 e5 2. Nf3 Nc6 3. Bb5 a6 4. Ba4 Nf6 5. O-O Be7 6. Re1 b5 7. Bb3 d6 8. c3
O-O 9. h3 Nd7 10. d4 Bf6 11. Be3 Na5 12. Bc2 Nc4 13. Bc1 Bb7 14. b3 Ncb6 15.
Bb2 Re8 16. Nbd2 g6 17. d5 c6 18. c4 Qc7 19. Rc1 bxc4 20. bxc4 a5 21. Ba3 Nc5
22. Bxc5 dxc5 23. Ba4 Reb8 24. Nf1 cxd5 25. cxd5 Nxa4 26. Qxa4 Bc8 27. Ne3 Bd7
28. Qc2 Be7 29. Nc4 f6 30. Red1 Bf8 31. d6 Qc6 32. Ncxe5 fxe5 33. Qc4+ Kh8 34.
Nxe5 Qc8 35. Nf7+ Kg7 36. Ng5 Qe8 37. Qc3+ Kg8 38. e5 h6 39. Ne4 Bg7 40. Nxc5
Kh8 41. Qe3 Be6 42. d7 Qe7 43. Rd6 Bxa2 44. Rxg6 Qxe5 45. Rxh6+ Kg8 46. Qxe5
Bxe5 47. Ra6 Rxa6 48. Nxa6 Rd8 49. Rc5 Bd6 50. Rxa5 Be6 51. Nc5 Kf7 52. Nxe6
Kxe6 53. g3 Rxd7 54. Kg2 Rc7 55. f4 Rc3 56. h4 Kf6 57. Rd5 Bf8 58. Kh3 Bh6 59.
Rd6+ Kg7 60. Kg4 Ra3 61. Rd5 Kf6 62. Kh5 Rxg3 63. Rd6+ Kf5 64. Kxh6 Kxf4 65. h5
Kf5 66. Kh7 Ra3 67. Rd7 Kf6 68. Rd1 Ra7+ 69. Kh6 Kf7 70. Rd8 Ra5 71. Rb8 Rc5
72. Rb1 Kg8 73. Rb6 Rc8 74. Kg6 1/2-1/2

[Event "European Team-ch 2007"]
[Site "Crete GRE"]
[Date "2007.11.01"]
[Round "5.5"]
[White "Tratar, Marko"]
[Black "Cicak, Slavko"]
[Result "1/2-1/2"]
[WhiteElo "2502"]
[BlackElo "2569"]
[PlyCount "36"]
[EventDate "2007.10.28"]
[EventType "team"]
[EventRounds "9"]
[EventCountry "GRE"]
[Source "lmi"]
[SourceDate "2007.10.28"]
[WhiteTeam "Slovenija"]
[BlackTeam "Sweden"]
[WhiteTeamCountry "SLO"]
[BlackTeamCountry "SWE"]

1. Nf3 Nf6 2. c4 g6 3. Nc3 Bg7 4. e4 O-O 5. d4 c5 6. Be2 cxd4 7. Nxd4 Nc6 8.
Be3 b6 9. Qd2 Bb7 10. f3 Nxd4 11. Bxd4 e6 12. O-O Qe7 13. e5 Ne8 14. Rad1 d6
15. exd6 Qxd6 16. Bxg7 Qxd2 17. Rxd2 Kxg7 18. f4 Nf6 1/2-1/2

[Event "European Team-ch 2007"]
[Site "Crete GRE"]
[Date "2007.11.01"]
[Round "5.5"]
[White "Hillarp Persson, Tiger"]
[Black "Lenic, Luka"]
[Result "0-1"]
[WhiteElo "2567"]
[BlackElo "2531"]
[PlyCount "72"]
[EventDate "2007.10.28"]
[EventType "team"]
[EventRounds "9"]
[EventCountry "GRE"]
[Source "lmi"]
[SourceDate "2007.10.28"]
[WhiteTeam "Sweden"]
[BlackTeam "Slovenija"]
[WhiteTeamCountry "SWE"]
[BlackTeamCountry "SLO"]

1. e4 c5 2. Nf3 Nc6 3. d4 cxd4 4. Nxd4 Nf6 5. Nc3 e5 6. Ndb5 d6 7. Bg5 a6 8.
Na3 b5 9. Bxf6 gxf6 10. Nd5 Bg7 11. c3 f5 12. exf5 Bxf5 13. Nc2 O-O 14. Nce3
Be6 15. Bd3 f5 16. O-O Kh8 17. Qh5 e4 18. Bc2 Ne7 19. Rad1 Rc8 20. f3 Nxd5 21.
Nxd5 Bxd5 22. Rxd5 Qb6+ 23. Kh1 Qe3 24. Bb1 Qe2 25. Rg1 Be5 26. Bxe4 fxe4 27.
Rxe5 dxe5 28. Qxe5+ Kg8 29. Qe6+ Kg7 30. Qd7+ Kh8 31. Qd4+ Kg8 32. Qd5+ Rf7 33.
Qg5+ Rg7 34. Qd5+ Kh8 35. fxe4 Re8 36. Qd6 Qxe4 0-1

[Event "European Team-ch 2007"]
[Site "Crete GRE"]
[Date "2007.11.01"]
[Round "5.5"]
[White "Borisek, Jure"]
[Black "Carlsson, Pontus"]
[Result "1/2-1/2"]
[WhiteElo "2508"]
[BlackElo "2481"]
[PlyCount "55"]
[EventDate "2007.10.28"]
[EventType "team"]
[EventRounds "9"]
[EventCountry "GRE"]
[Source "lmi"]
[SourceDate "2007.10.28"]
[WhiteTeam "Slovenija"]
[BlackTeam "Sweden"]
[WhiteTeamCountry "SLO"]
[BlackTeamCountry "SWE"]

1. e4 c5 2. Nf3 d6 3. d4 cxd4 4. Nxd4 Nf6 5. Nc3 g6 6. Be3 Bg7 7. f3 O-O 8. Qd2
Nc6 9. O-O-O d5 10. exd5 Nxd5 11. Nxc6 bxc6 12. Bd4 Nxc3 13. Qxc3 Bh6+ 14. Be3
Bxe3+ 15. Qxe3 Qb6 16. Qxe7 Be6 17. Qa3 Rad8 18. Bd3 Rd5 19. Qc3 Rc5 20. Qf6
Bxa2 21. h4 Rb8 22. Rde1 Qa5 23. Qf4 Rd8 24. Qd2 Qa4 25. Qe3 Qa5 26. Qd2 Qa4
27. Qe3 Qa5 28. Qd2 1/2-1/2

[Event "European Team-ch 2007"]
[Site "Crete GRE"]
[Date "2007.11.01"]
[Round "5.6"]
[White "Gurevich, Mikhail"]
[Black "Aronian, Levon"]
[Result "1/2-1/2"]
[WhiteElo "2627"]
[BlackElo "2741"]
[PlyCount "47"]
[EventDate "2007.10.28"]
[EventType "team"]
[EventRounds "9"]
[EventCountry "GRE"]
[Source "lmi"]
[SourceDate "2007.10.28"]
[WhiteTeam "Turkey"]
[BlackTeam "Armenia"]
[WhiteTeamCountry "TUR"]
[BlackTeamCountry "ARM"]

1. Nf3 Nf6 2. c4 e6 3. g3 Be7 4. Bg2 O-O 5. O-O d5 6. b3 c5 7. Bb2 Nc6 8. cxd5
exd5 9. d4 Bg4 10. Ne5 cxd4 11. Nxg4 Nxg4 12. e3 Nf6 13. exd4 Re8 14. Nc3 Bf8
15. Qd3 Qd7 16. Rae1 Rxe1 17. Rxe1 Rd8 18. Bc1 h6 19. Bf4 Bb4 20. Rd1 Bd6 21.
Be3 Ba3 22. Bf4 Bd6 23. Be3 Ba3 24. Bf4 1/2-1/2

[Event "European Team-ch 2007"]
[Site "Crete GRE"]
[Date "2007.11.01"]
[Round "5.6"]
[White "Akopian, Vladimir"]
[Black "Atalik, Suat"]
[Result "1-0"]
[WhiteElo "2713"]
[BlackElo "2599"]
[PlyCount "89"]
[EventDate "2007.10.28"]
[EventType "team"]
[EventRounds "9"]
[EventCountry "GRE"]
[Source "lmi"]
[SourceDate "2007.10.28"]
[WhiteTeam "Armenia"]
[BlackTeam "Turkey"]
[WhiteTeamCountry "ARM"]
[BlackTeamCountry "TUR"]

1. e4 e5 2. Nf3 Nc6 3. Bb5 a6 4. Ba4 Nf6 5. d3 d6 6. c3 b5 7. Bc2 Be7 8. Nbd2
O-O 9. O-O Re8 10. Re1 Bf8 11. d4 Bg4 12. h3 Bh5 13. d5 Na7 14. Nf1 c6 15. Ng3
Bg6 16. Bg5 cxd5 17. Bxf6 Qxf6 18. Qxd5 Rab8 19. h4 h6 20. h5 Bh7 21. Nh2 Nc8
22. Ng4 Qf4 23. Ne3 Nb6 24. Qd1 d5 25. Nxd5 Nxd5 26. exd5 e4 27. Qd4 f5 28. Ne2
Qc7 29. b4 Bd6 30. a4 Be5 31. Qc5 Qf7 32. axb5 Rec8 33. Qe3 f4 34. Qh3 Bf5 35.
Qh4 axb5 36. Rad1 f3 37. gxf3 exf3 38. Bxf5 Qxf5 39. Ng3 Bxg3 40. Qxg3 Rb7 41.
d6 Rd8 42. Qg6 Rf7 43. d7 Kf8 44. Re8+ Rxe8 45. d8=Q 1-0

[Event "European Team-ch 2007"]
[Site "Crete GRE"]
[Date "2007.11.01"]
[Round "5.6"]
[White "Haznedaroglu, Kivanc"]
[Black "Sargissian, Gabriel"]
[Result "1/2-1/2"]
[WhiteElo "2468"]
[BlackElo "2673"]
[PlyCount "132"]
[EventDate "2007.10.28"]
[EventType "team"]
[EventRounds "9"]
[EventCountry "GRE"]
[Source "lmi"]
[SourceDate "2007.10.28"]
[WhiteTeam "Turkey"]
[BlackTeam "Armenia"]
[WhiteTeamCountry "TUR"]
[BlackTeamCountry "ARM"]

1. e4 e5 2. Nf3 Nc6 3. Bb5 Nf6 4. d3 Bc5 5. c3 O-O 6. O-O d6 7. Bg5 h6 8. Bh4
Bb6 9. Nbd2 Nb8 10. Nc4 c6 11. Ba4 Bc7 12. Bc2 Nbd7 13. d4 Re8 14. Re1 Qe7 15.
Qd2 Nf8 16. Ne3 Ng6 17. Bg3 Nh5 18. Rad1 Qf6 19. Nf5 Be6 20. Bb3 Nxg3 21. fxg3
Bxb3 22. axb3 d5 23. Qc2 Bb6 24. Kh1 exd4 25. exd5 Rxe1+ 26. Rxe1 dxc3 27. dxc6
Qxc6 28. h4 Bd8 29. Qxc3 Bf6 30. Qxc6 bxc6 31. h5 Nf8 32. Ne7+ Kh7 33. Nxc6 Rc8
34. Nxa7 Rc5 35. g4 Ne6 36. Re4 Rc2 37. b4 Be7 38. Kg1 Bd6 39. Ne5 Ng5 40. Rc4
Re2 41. Nf3 Ne6 42. Nb5 Bg3 43. Nh2 Bf2+ 44. Kf1 Rxb2 45. Re4 Bg3 46. Kg1 Ng5
47. Rc4 Rb1+ 48. Nf1 Be1 49. Na3 Rxb4 50. Rxb4 Bxb4 51. Nc2 Bc5+ 52. Kh2 Ne4
53. Nfe3 Bd6+ 54. Kg1 g6 55. hxg6+ Kxg6 56. Kf1 Kg5 57. Ke2 Kf4 58. Ne1 Nc5 59.
g3+ Ke4 60. Nf5 Bf8 61. Nf3 Ne6 62. Nd2+ Ke5 63. Nf3+ Kf6 64. Ne3 Bc5 65. Nd5+
Kg7 66. Nh4 Bf8 1/2-1/2

[Event "European Team-ch 2007"]
[Site "Crete GRE"]
[Date "2007.11.01"]
[Round "5.6"]
[White "Lputian, Smbat G"]
[Black "Erdogdu, Mert"]
[Result "1/2-1/2"]
[WhiteElo "2633"]
[BlackElo "2440"]
[PlyCount "84"]
[EventDate "2007.10.28"]
[EventType "team"]
[EventRounds "9"]
[EventCountry "GRE"]
[Source "lmi"]
[SourceDate "2007.10.28"]
[WhiteTeam "Armenia"]
[BlackTeam "Turkey"]
[WhiteTeamCountry "ARM"]
[BlackTeamCountry "TUR"]

1. d4 Nf6 2. c4 g6 3. g3 Bg7 4. Bg2 O-O 5. Nc3 d6 6. Nf3 Nc6 7. O-O a6 8. h3
Rb8 9. e4 b5 10. cxb5 axb5 11. Re1 b4 12. Nd5 Nd7 13. Bg5 h6 14. Be3 e6 15. Nf4
e5 16. Nd5 exd4 17. Nxd4 Nxd4 18. Bxd4 Ne5 19. f4 c5 20. Bf2 Nc6 21. e5 dxe5
22. Bxc5 exf4 23. Bxf8 Qxf8 24. Rc1 Nd4 25. Nxf4 b3 26. axb3 Bb7 27. Re3 Bxg2
28. Kxg2 Qb4 29. Rc7 Nf5 30. Rd3 Re8 31. Rc4 Qa5 32. Nd5 Re1 33. Qd2 Qa1 34.
Qf2 Be5 35. Rf3 Rb1 36. Rxf5 gxf5 37. Rc2 Kg7 38. Re2 Bxb2 39. h4 h5 40. Ne3
Qa8+ 41. Qf3 Qxf3+ 42. Kxf3 Bf6 1/2-1/2

[Event "European Team-ch 2007"]
[Site "Crete GRE"]
[Date "2007.11.01"]
[Round "5.7"]
[White "Narciso Dublan, Marc"]
[Black "Conquest, Stuart C"]
[Result "1/2-1/2"]
[WhiteElo "2546"]
[BlackElo "2540"]
[PlyCount "25"]
[EventDate "2007.10.28"]
[EventType "team"]
[EventRounds "9"]
[EventCountry "GRE"]
[Source "lmi"]
[SourceDate "2007.10.28"]
[WhiteTeam "Espana"]
[BlackTeam "England"]
[WhiteTeamCountry "ESP"]
[BlackTeamCountry "ENG"]

1. e4 c5 2. Nf3 e6 3. d4 cxd4 4. Nxd4 Nc6 5. Nb5 d6 6. Bd3 Nf6 7. O-O Be7 8.
Nd2 O-O 9. f4 e5 10. Nc3 exf4 11. Rxf4 Ne5 12. Nc4 Ng6 13. Rf1 1/2-1/2

[Event "European Team-ch 2007"]
[Site "Crete GRE"]
[Date "2007.11.01"]
[Round "5.8"]
[White "Nielsen, Peter Heine"]
[Black "Gyimesi, Zoltan"]
[Result "1/2-1/2"]
[WhiteElo "2626"]
[BlackElo "2610"]
[PlyCount "79"]
[EventDate "2007.10.28"]
[EventType "team"]
[EventRounds "9"]
[EventCountry "GRE"]
[Source "lmi"]
[SourceDate "2007.10.28"]
[WhiteTeam "Denmark"]
[BlackTeam "Hungary"]
[WhiteTeamCountry "DEN"]
[BlackTeamCountry "HUN"]

1. d4 Nf6 2. c4 e6 3. Nc3 Bb4 4. Nf3 c5 5. g3 cxd4 6. Nxd4 Ne4 7. Qd3 Bxc3+ 8.
bxc3 Nc5 9. Qf3 d6 10. Bg2 Nbd7 11. Qg4 O-O 12. Bh6 Qf6 13. Bg5 Qg6 14. Qh4 Nf6
15. O-O Bd7 16. Nb3 Rac8 17. Rfd1 Bc6 18. Bxf6 Qxf6 19. Qxf6 gxf6 20. Nxc5 dxc5
21. Rd6 Rfd8 22. Rad1 Rxd6 23. Rxd6 Kf8 24. Bxc6 Rxc6 25. Rxc6 bxc6 26. Kg2 Kg7
27. Kf3 f5 28. e4 fxe4+ 29. Kxe4 f6 30. f4 Kf7 31. g4 Kg6 32. h4 h5 33. g5 Kf7
34. Kd3 Kg6 35. gxf6 Kf7 36. Ke3 Kg6 37. Kf3 Kf7 38. Ke3 Kg6 39. Kf3 Kf7 40.
Ke3 1/2-1/2

[Event "European Team-ch 2007"]
[Site "Crete GRE"]
[Date "2007.11.01"]
[Round "5.8"]
[White "Balogh, Csaba"]
[Black "Hansen, Lars Bo"]
[Result "1-0"]
[WhiteElo "2561"]
[BlackElo "2572"]
[PlyCount "151"]
[EventDate "2007.10.28"]
[EventType "team"]
[EventRounds "9"]
[EventCountry "GRE"]
[Source "lmi"]
[SourceDate "2007.10.28"]
[WhiteTeam "Hungary"]
[BlackTeam "Denmark"]
[WhiteTeamCountry "HUN"]
[BlackTeamCountry "DEN"]

1. e4 e6 2. d4 d5 3. Nd2 c5 4. Ngf3 Nc6 5. exd5 exd5 6. Bb5 Bd6 7. dxc5 Bxc5 8.
O-O Nge7 9. Nb3 Bd6 10. Bg5 O-O 11. Bh4 Qb6 12. Be2 a5 13. c4 a4 14. cxd5 Nb4
15. Nbd2 Nf5 16. Nc4 Qc5 17. Nxd6 Qxd6 18. Bg3 Nxg3 19. hxg3 Qxd5 20. Qxd5 Nxd5
21. Rfd1 Ra5 22. Rac1 a3 23. bxa3 Nb6 24. Rd6 Na4 25. Nd4 Rc5 26. Rxc5 Nxc5 27.
Bf3 Re8 28. Nb3 Na4 29. Na5 Nc5 30. Nb3 Na4 31. Rd4 Nc3 32. Rc4 Nb5 33. a4 Nd6
34. Rd4 Rd8 35. a5 Kf8 36. Nc5 Ke7 37. g4 g5 38. Rb4 Kf6 39. Kh2 h6 40. a3 Kg7
41. Kg1 Re8 42. Rd4 Nb5 43. Rd3 Re7 44. a4 Na7 45. Rb3 Re5 46. Nxb7 Bxb7 47.
Bxb7 Rxa5 48. Rb4 Kf6 49. f3 Ke5 50. Kf2 Kd6 51. Rc4 f5 52. gxf5 Rxf5 53. Be4
Ra5 54. g4 Re5 55. Ke3 Re8 56. Rb4 Kc5 57. Rb7 Nc8 58. Rh7 Nd6 59. Rxh6 Nxe4
60. fxe4 Rb8 61. Rg6 Rb3+ 62. Kd2 Kd4 63. Rxg5 Ra3 64. a5 Ra2+ 65. Kc1 Kxe4 66.
Kb1 Ra4 67. Rb5 Kd3 68. g5 Re4 69. g6 Rg4 70. Rb6 Kc3 71. a6 Rg1+ 72. Ka2 Rg5
73. Rb3+ Kc2 74. a7 Ra5+ 75. Ra3 Rb5 76. Ra6 1-0

[Event "European Team-ch 2007"]
[Site "Crete GRE"]
[Date "2007.11.01"]
[Round "5.8"]
[White "Hansen, Sune Berg"]
[Black "Berkes, Ferenc"]
[Result "0-1"]
[WhiteElo "2564"]
[BlackElo "2606"]
[PlyCount "52"]
[EventDate "2007.10.28"]
[EventType "team"]
[EventRounds "9"]
[EventCountry "GRE"]
[Source "lmi"]
[SourceDate "2007.10.28"]
[WhiteTeam "Denmark"]
[BlackTeam "Hungary"]
[WhiteTeamCountry "DEN"]
[BlackTeamCountry "HUN"]

1. e4 c6 2. d4 d5 3. e5 Bf5 4. Nf3 e6 5. Be2 c5 6. Be3 Qb6 7. Nc3 Qxb2 8. Nb5
Bxc2 9. Qc1 Qxc1+ 10. Rxc1 Bg6 11. Nc7+ Kd7 12. Nxa8 c4 13. Nh4 Nc6 14. Nxg6
hxg6 15. O-O Bb4 16. Rb1 Kc8 17. Rfc1 Nge7 18. Bg5 Nf5 19. Bxc4 dxc4 20. Rxc4
Be7 21. Be3 Rd8 22. g4 Nfxd4 23. Kg2 Rd5 24. Rbc1 Ba3 25. R1c3 Bb2 26. Rd3 b5
0-1